Metaphor & the Social World

Մատենագիտական մանրամասներ
Ձևաչափ: Էլեկտրոնային Ամսագիր
Լեզու:English
Հրապարակվել է: John Benjamins Publishing Co.
Առցանց հասանելիություն:Full text available on EBSCOhost[Mar 2011-]
Off-campus access
LEADER 00939cas a2200181 a 4500
001 AALejournalEBSCOCMM000331
008 230102c9999 xx r poo 0 0eng d
022 |a 2210-4070 
040 |a BD-DhAAL  |c BD-DhAAL 
245 0 0 |h [electronic resource]  |a Metaphor & the Social World 
260 |b John Benjamins Publishing Co. 
300 |a 1 online resource 
500 |a <strong>Off-Campus Access:</strong> Athens ID and Password Required 
500 |a <strong>On-Campus Access:</strong> No User ID or Password Required 
506 |a Electronic access restricted to authorized BRAC University faculty, staff and students 
538 |a Mode of access: Internet 
856 4 0 |z Full text available on EBSCOhost[Mar 2011-]  |u https://search.ebscohost.com/direct.asp?db=ufh&jid=BB3N&scope=site 
856 4 0 |z Off-campus access  |u https://go.openathens.net/redirector/bracu.ac.bd?url=https%3A%2F%2Fsearch.ebscohost.com%2Fdirect.asp%3Fdb%3Dufh%26jid%3DBB3N%26scope%3Dsite